00769cam a2200217 a 4500008004100000020002500041245008000066260004400146300002500190440005100215500002000266504004100286600005200327650005900379650004600438653001200484700002800496003000100524005001700525040000900542  a9781847206541 (pbk.)00aAugustin Cournot :bmodelling economics /cedited by Jean-Philippe Touffut. aCheltenham, UK :bEdward Elgar,cc2007. axv, 148 p. ;c24 cm. 4aThe Cournot Centre for Economic Studies series aIncludes index. aIncludes bibliographical references.10aCournot, A. A.q(Antoine Augustin),d1801-1877. 0aEconomicsxMathematical modelsxHistoryy19th century. 0aEconomicszFrancexHistoryy19th century.1 aCournot1 aTouffut, Jean-Philippe.20230123122242.0 cNUST